Longs Métrages d'animation par extraits en 20 clics #4 - Statistiques

Statistiques générales
  • Ce quiz a été pris 141 fois
  • Le résultat moyen est 19 sur 20
Statistiques - réponses
Hint Réponse % Correct
La Reine des neiges
100%
Astérix : Le Domaine des dieux
98%
Monstres Academy
98%
WALL-E
98%
Batman contre le fantôme masqué
97%
Les Indestructibles
97%
Les Looney Tunes passent à l'action
97%
Raiponce
97%
Ratatouille
97%
Le Monde de Nemo
96%
Les Croods
96%
Mickey, Donald, Dingo : Les Trois Mousquetaires
95%
Moi, moche et méchant
94%
Les Rois de la glisse
92%
Frankenweenie
91%
Ernest et Célestine
90%
Hôtel Transylvanie
90%
Gnoméo et Juliette
84%
Excalibur, l'épée magique
81%
Poucelina
81%
Aucun quiz correspondant
Distribution des résultats
% des personnes avec chaque résultat
Percentile par nombre de réponses
Votre historique - résultats
Vous n’avez pas pris ce quiz